प्रेमचंद मंच पर/ (Record no. 214033)

MARC details
000 -LEADER
fixed length control field 00872nam a22001937a 4500
005 - DATE AND TIME OF LATEST TRANSACTION
control field 20260108123620.0
010 ## - LCCN (DPL NO)
LC control number HIN-130724
020 ## - INTERNATIONAL STANDARD BOOK NUMBER
Terms of availability 425.00
International Standard Book Number 9789356821934
035 ## - SYSTEM CONTROL NUMBER
System control number HN-103170
037 ## - SOURCE OF ACQUISITION
Source of stock number/acquisition DBAD
082 ## - DEWEY DECIMAL CLASSIFICATION NUMBER
Classification number 822
Edition number 1
245 ## - TITLE STATEMENT
Title प्रेमचंद मंच पर/
Statement of responsibility, etc रूपांतरकार द्वारा रिंकल शर्मा
250 ## - EDITION STATEMENT
Edition statement 1
260 ## - PUBLICATION, DISTRIBUTION, ETC. (IMPRINT)
Name of publisher, distributor, etc प्रभाकर प्रकाशन
Date of publication, distribution, etc 2023
Place of publication, distribution, etc दिल्ली
270 ## - ADDRESS
City दिल्ली
Address प्लाट न.-55, मेन मदर डेरी रोड, पांडव नगर ईस्ट
Postal code 110092
Telephone number 011-40395855
-- 8368220032
300 ## - PHYSICAL DESCRIPTION
Extent 138पृ.
Dimensions 22सेमी (सजिल्द)
700 ## - ADDED ENTRY--PERSONAL NAME
Personal name शर्मा, रिंकल
Relator term रूपांतरकार
9 (RLIN) 86235
942 ## - ADDED ENTRY ELEMENTS (KOHA)
Source of classification or shelving scheme Dewey Decimal Classification
Item type Hindi Books
Classification part 822
Call number suffix प्रेमचं
Holdings
Withdrawn status Lost status Not for loan Collection code Home library Current library Date acquired Source of acquisition Cost, normal purchase price Full call number Barcode Copy number Cost, replacement price Koha item type
      Non-fiction Bawana Bawana 08/01/2026 Delivery of Books Act Division 425.00 822 प्रेमचं HN-103170 1 425.00 Hindi Books

© Delhi Public Library
Hit Counter
free hit counter